000 01024cam a2200325 a 4500
001 4836271
003 LC
005 20160223115758.0
008 900912s1991 nyu 000 1 eng
010 _a 90049142
020 _a0688096964
040 _aDLC
_cDLC
_dDLC
_dOCoLC
043 _ae-uk---
_aa-cc---
050 0 0 _aPR 6039
_b.H174 1992
082 0 0 _aFIC H14q
_b1991
100 1 _aHall, Adam.
_913220
245 1 0 _aQuiller bamboo
_cAdam Hall.
250 _a1st ed.
260 _aNew York :
_bW. Morrow & Co.,
_cc1991.
300 _a322 p. ;
_c25 cm.
650 0 _aQuiller (Fictitious character)
_xFiction.
_919739
650 0 _aIntelligence officers
_xFiction.
_919740
650 0 _aBritish
_zChina
_vFiction.
_919741
651 0 _aChina
_xFiction.
_919742
655 7 _aSpy stories.
_2gsafd
_94765
906 _a7
_bcbc
_corignew
_d1
_eocip
_f19
_gy-gencatlg
942 _2lcc
_cBK
999 _c11304
_d11304